<?xml version="1.0" encoding="UTF-8"?>
<record
    xmlns:xsi="http://www.w3.org/2001/XMLSchema-instance"
    xsi:schemaLocation="http://www.loc.gov/MARC21/slim http://www.loc.gov/standards/marcxml/schema/MARC21slim.xsd"
    xmlns="http://www.loc.gov/MARC21/slim">

  <leader>00746cam a2200229 a 4500</leader>
  <controlfield tag="001">ne 68005049 </controlfield>
  <controlfield tag="003">DLC</controlfield>
  <controlfield tag="005">20260227111852.0</controlfield>
  <controlfield tag="008">890606s1968    ir            000 j per  </controlfield>
  <datafield tag="010" ind1=" " ind2=" ">
    <subfield code="a">ne 68005049 </subfield>
  </datafield>
  <datafield tag="040" ind1=" " ind2=" ">
    <subfield code="a">DLC</subfield>
    <subfield code="c">DLC</subfield>
  </datafield>
  <datafield tag="050" ind1="0" ind2="0">
    <subfield code="a">PK6561.F266</subfield>
    <subfield code="b">S5</subfield>
  </datafield>
  <datafield tag="066" ind1=" " ind2=" ">
    <subfield code="c">(3</subfield>
    <subfield code="c">(4</subfield>
  </datafield>
  <datafield tag="100" ind1="1" ind2=" ">
    <subfield code="6">880-01</subfield>
    <subfield code="a">Fa&#x1E63;&#x12B;&#x1E25;, Ism&#x101;&#x2BB;&#x12B;l.</subfield>
  </datafield>
  <datafield tag="245" ind1="1" ind2="0">
    <subfield code="6">880-02</subfield>
    <subfield code="a">Shar&#x101;b-i kh&#x101;m /</subfield>
    <subfield code="c">Ism&#x101;&#x2BB;&#x12B;l Fa&#x1E63;&#x12B;&#x1E25;.</subfield>
  </datafield>
  <datafield tag="260" ind1=" " ind2=" ">
    <subfield code="6">880-03</subfield>
    <subfield code="a">Tihr&#x101;n :</subfield>
    <subfield code="b">Kit&#x101;bh&#x101;-yi J&#x12B;b&#x12B;,</subfield>
    <subfield code="c">1347 [1968]</subfield>
  </datafield>
  <datafield tag="300" ind1=" " ind2=" ">
    <subfield code="a">441 p. ;</subfield>
    <subfield code="c">23 cm.</subfield>
  </datafield>
  <datafield tag="500" ind1=" " ind2=" ">
    <subfield code="a">Short stories.</subfield>
  </datafield>
  <datafield tag="880" ind1="1" ind2=" ">
    <subfield code="6">100-01/(3/r</subfield>
    <subfield code="a">&#x641;&#x635;&#x64A;&#x62D;&#x60C; &#x627;&#x633;&#x645;&#x627;&#x639;&#x64A;&#x644;.</subfield>
  </datafield>
  <datafield tag="880" ind1="1" ind2="0">
    <subfield code="6">245-02/(3/r</subfield>
    <subfield code="a">&#x634;&#x631;&#x627;&#x628; &#x62E;&#x627;&#x645; /</subfield>
    <subfield code="c">&#x627;&#x633;&#x645;&#x627;&#x639;&#x64A;&#x644; &#x641;&#x635;&#x64A;&#x62D;.</subfield>
  </datafield>
  <datafield tag="880" ind1=" " ind2=" ">
    <subfield code="6">260-03/(3/r</subfield>
    <subfield code="a">&#x62A;&#x647;&#x631;&#x627;&#x646; :</subfield>
    <subfield code="b">&#x6A9;&#x62A;&#x627;&#x628;&#x647;&#x627;&#x649; &#x62C;&#x649;&#x628;&#x649;&#x60C;</subfield>
    <subfield code="c">1347 [1968].</subfield>
  </datafield>
  <datafield tag="999" ind1=" " ind2=" ">
    <subfield code="c">51201</subfield>
    <subfield code="d">51201</subfield>
  </datafield>
</record>
